000 00638nam a2200229Ia 4500
003 OSt
005 20221007075930.0
006 a|||||r|||| 00| 0
007 ta
008 221006b |||||||| |||| 00| 0 eng d
024 _a12,495
037 _cTextual
040 _aFLL
_cFLL
_beng
041 _2eng
_aeng
082 _aV3:194042:N19, L2
100 _aDua R.P.
_9105425
245 0 _aAnglo japanese relations during the first world war
260 _aNew Delhi
_bS. Chand & Co. (Pvt.) Ltd. India
_c1972
300 _a230p
_ccm.
942 _hV3:194042:N19, L2
_cTEXL
_2CC
999 _c1157866
_d1157866